Normal view
MARC view
Entry Personal Name
001 - CONTROL NUMBER
- control field: 17671
003 - CONTROL NUMBER IDENTIFIER
- control field: HDC
005 - DATE AND TIME OF LATEST TRANSACTION
- control field: 20230624073519.0
008 - FIXED-LENGTH DATA ELEMENTS
- fixed length control field: 210228|| aca||aabn | a|a d
040 ## - CATALOGING SOURCE
- Original cataloging agency: HDC
- Transcribing agency: HDC
100 ## - HEADING--PERSONAL NAME
- Personal name: PUVANESWARRI NANJAPPAN
670 ## - SOURCE DATA FOUND
- Source citation: Work cat.: (HDC): PUVANESWARRI NANJAPPAN, author, Patenting in the O&G Industry /, 2011
